000 00366pab a2200157 454500
008 180718b2004 xxu||||| |||| 00| 0 eng d
100 _aBarun Kumar
245 _aPolitical dialectics of slums in Delhi
260 _c2004
300 _ap.9-15.
362 _aJan-Mar
650 _aSlums - India - Delhi
650 _aSlums
773 _aNagarlok
909 _a61646
999 _c61646
_d61646